000 00230nam a2200097Ia 4500
005 20251222114359.0
008 251222s1900||||xx |||||||||||||| ||spa||
082 _aDVD0040/T95
245 0 _aLa leyenda del tesoro perdido:
942 _cDVD
999 _c1546
_d1546